[Event "CAT-chT 2020"]
[Site "Catalonia"]
[Date "2020.02.15"]
[Round "5.4"]
[White "Delisau Gil, Oriol"]
[Black "Rizouk, Aimen"]
[Result "0-1"]
[WhiteElo "2216"]
[BlackElo "2439"]
[Annotator "TA"]
[PlyCount "128"]
[EventDate "2020.01.18"]
[EventType "team-tourn"]
[EventCountry "ESP"]
[SourceTitle "playchess.com"]
[Source "ChessBase"]
[SourceQuality "1"]

{[%evp 20,128,8,13,10,20,42,31,37,29,41,20,71,70,72,54,81,72,71,70,72,55,59,58,62,42,38,27,45,45,45,46,45,46,55,55,55,55,55,55,58,60,62,43,56,36,42,-40,-40,-40,-37,-33,5,5,5,5,5,0,5,5,5,0,0,0,0,-165,-165,-165,-145,-145,-122,-344,-358,-402,-402,-346,-239,-254,-115,-450,-327,-327,-172,-172,-179,-161,0,0,0,0,0,-17,-28,-220,-220,-641,-482,-460,-454,-830,-825,-797,-797,-29952,-29954,-11789,-8060,-6556,-5656,-5622,-1113]} 1. d4 Nf6 2. c4 e6 3. Nf3 b6 4. g3 Ba6 5. b3 Bb4+ 6. Bd2 Be7 7. Bg2 c6 8. O-O d5 9. Qc2 O-O 10. Rd1 Nbd7 11. a4 {[%cal Ba2a4,Ba4a5][%mdl 32]} Ne4 {E15: Queen's Indian: 4 g3 sidelines, 4 g3 Ba6 and 4 g3 Bb7 early deviations.} 12. Be1 Rc8 13. a5 b5 {[%cal Rb5c4] White is slightly better.} 14. c5 $1 f5 15. Nc3 {[#]} Nxc3 $146 (15... g5 $11) ({Predecessor:} 15... Qe8 16. Na2 Rc7 17. Nb4 Bc8 18. a6 Bf6 19. Nd3 Nb8 20. Ra2 Re7 21. Nfe5 Bxa6 {1-0 (53) Markus,R (2644)-Bauer,C (2647) Heraklion 2017}) 16. Bxc3 $16 Qc7 17. Ne1 Rce8 18. Nd3 Bf6 19. f4 g6 20. Nb4 Bc8 21. e3 Bg7 22. Kf2 Nf6 23. Ke2 h6 24. Kd2 g5 25. Bf3 Bd7 26. Kc1 Rc8 27. Kb2 Be8 28. Qe2 Bg6 29. Rf1 Kh7 30. Nd3 Ne4 31. b4 Rf7 32. Nf2 Rg8 33. Nxe4 ({White should play} 33. Rg1 $14) 33... dxe4 $15 34. Bh5 Bxh5 35. Qxh5 g4 36. Ka3 Bf8 37. Rac1 Qd7 38. Be1 Rg6 39. Rf2 Bg7 40. Rd2 Bf6 41. Kb2 Rfg7 42. Ka3 $2 (42. h3 $11) 42... Rg5 $1 $19 {[%cal Rg5h5]} 43. fxg5 Rxg5 44. Qxg5 hxg5 45. Rdd1 $2 (45. Rf2 $17) 45... Qd5 46. Bf2 Kg6 47. Be1 Qd7 48. Rd2 {[#]} Kf7 (48... f4 $1 $19 {[%mdl 512] and Black stays clearly on top.} 49. Bf2 (49. exf4 e3) 49... Qh7) 49. Rcd1 $2 {[%mdl 8192]} (49. Rf2 $17) 49... Qd5 50. Rc2 {[#]} e5 (50... f4 $142 $1 {[%mdl 512]} 51. Bc3 (51. exf4 gxf4) 51... fxe3) 51. Bc3 f4 52. Rcc1 {Threatens to win with dxe5.} Qc4 $2 (52... exd4 $19 53. Bxd4 Bxd4 54. Rxd4 Qf5) 53. dxe5 Be7 54. gxf4 gxf4 55. Rd4 Qe2 $36 {[%mdl 2048] ...f3 is the strong threat. Black has good play.} 56. e6+ $2 {[#]} ({Not} 56. Rxe4 $2 f3 $19) (56. exf4 $11 Qxh2 57. Kb3 (57. Rxe4 g3 $17)) 56... Ke8 $1 57. Rxe4 $2 (57. exf4 Qxh2 58. Kb3 (58. Rxe4 $2 g3 $19)) 57... f3 {Strongly threatening ...f2.} 58. Rxg4 Qxe3 ({Resist} 58... f2 59. Rg3 $19 (59. Rg8+ $2 Bf8 $19)) 59. Kb2 (59. Rg8+ $142 Bf8 60. Rc2) 59... f2 60. Rg8+ Bf8 61. Bg7 Qxc1+ {[%mdl 64] Remove Defender} 62. Kxc1 f1=Q+ {Black is clearly winning.} 63. Kc2 Qg2+ 64. Kd3 Qxg7 {Accuracy: White = 66%, Black = 75%.} (64... Qg6+ $142 65. Kd2 Qg5+ 66. Kd3 Qxg7 67. Rxg7 Bxg7) 0-1

[Event "CAT-chT 2020"]
[Site "Catalonia"]
[Date "2020.02.15"]
[Round "5.5"]
[White "Hernandez Cigaran, Cristian"]
[Black "Castelltort Fernandez, Antonio"]
[Result "1/2-1/2"]
[WhiteElo "2352"]
[BlackElo "2217"]
[Annotator "TA"]
[PlyCount "133"]
[EventDate "2020.01.18"]
[EventType "team-tourn"]
[EventCountry "ESP"]
[SourceTitle "playchess.com"]
[Source "ChessBase"]
[SourceQuality "1"]

{[%evp 10,133,8,7,22,29,23,25,30,33,46,46,46,46,46,42,45,42,43,37,75,22,42,42,52,51,42,36,44,44,49,2,19,18,22,11,27,26,28,26,32,32,30,30,30,32,35,24,27,19,27,23,27,17,42,15,37,16,22,24,36,35,30,32,70,45,44,52,56,47,80,71,87,94,88,88,158,166,257,248,165,18,19,0,0,0,0,0,0,0,0,0,1375,1555,29949,29959,29964,29965,29966,29967,29962,29961,5110,0,0,0,0,0,0,0,0,0,0,0,0,0,0,0,0,0,0,0,0,0,0,0]} 1. d4 f5 2. e4 fxe4 3. Nc3 Nf6 4. Bg5 Nc6 5. d5 Ne5 6. Qe2 Nf7 {A83: Dutch Defence: Staunton Gambit with 3 Nc3 Nf6 4 Bg5.} 7. Bxf6 exf6 8. Nxe4 {[%cal Re4f6]} Qe7 {[#]White has an edge.} 9. d6 $1 {[%mdl 512]} Qe6 (9... cxd6 10. O-O-O) 10. dxc7 {And now 0-0-0 would win.} Bb4+ $1 11. c3 Ba5 12. Nc5 Qxe2+ 13. Bxe2 Bxc7 {[#]} 14. Rd1 $146 ({Predecessor:} 14. Nb3 O-O 15. O-O-O Bb6 16. Nd4 d5 17. Bf3 Rd8 18. Nge2 Ne5 19. Nf4 Nxf3 20. gxf3 {½-½ (62) Nyzhnyk,I (2622)-Dobrov,V (2490) Chicago 2015}) 14... b6 15. Nb3 (15. Na6 $16 Bxa6 16. Bxa6) 15... Bb7 16. Bf3 O-O-O 17. Bxb7+ Kxb7 18. Ne2 Rhe8 19. Nbd4 Ne5 20. Kd2 Nc6 21. Rhe1 Be5 22. Nf3 Kc7 23. Kc2 Re6 24. Rd2 Rd6 25. Rxd6 Bxd6 26. Ned4 Nxd4+ 27. Nxd4 $11 {[%mdl 4096] Endgame KRB-KRN} a6 28. Kd3 Bc5 29. f4 Bxd4 30. Kxd4 {KR-KR} Kd6 31. c4 a5 32. a3 Ra8 33. b3 Rc8 34. Re3 Rf8 35. Rh3 h6 36. Re3 Ra8 37. f5 Rf8 38. Re4 Rc8 39. b4 axb4 40. axb4 Rf8 41. Re3 Ra8 42. Rg3 Rg8 (42... Ra4 $142) 43. b5 Kc7 (43... h5 {keeps fighting.} 44. h3 h4) 44. Rg6 $18 Kd6 45. g4 ({White should play} 45. h3 $18) 45... Ke7 $1 $11 46. c5 bxc5+ 47. Kxc5 Kf7 48. h4 Re8 49. b6 {[%cal Bb5b6,Bb6b7][%mdl 32] Hoping for b7.} Rc8+ 50. Kb5 {Threatens to win with b7.} d5 $2 {[%mdl 8192]} (50... Rc2 $11) 51. g5 $18 hxg5 52. hxg5 fxg5 53. b7 Rb8 54. Kc6 d4 55. Rd6 Ke7 {[#]} 56. Rxd4 $2 (56. Re6+ $1 $18 Kf7 57. Kc7) 56... Kf6 $1 $11 {The position is equal.} 57. Kc7 Rxb7+ 58. Kxb7 Kxf5 {KR-KPP} 59. Kc6 {aiming for Rd7.} g4 60. Kd5 g3 61. Rd1 Kf4 62. Rd4+ Kf3 63. Ke5 g2 64. Rd3+ Kf2 65. Rd2+ Kf1 66. Rxg2 Kxg2 67. Kf5 {Accuracy: White = 88%, Black = 79%.} 1/2-1/2

[Event "CAT-chT 2020"]
[Site "Catalonia"]
[Date "2020.02.15"]
[Round "5.5"]
[White "Estrella Vidiella, Jordi"]
[Black "Fernandez Diaz, Cristian"]
[Result "1/2-1/2"]
[WhiteElo "2301"]
[BlackElo "2354"]
[Annotator "TA"]
[PlyCount "150"]
[EventDate "2020.01.18"]
[EventType "team-tourn"]
[EventCountry "ESP"]
[SourceTitle "playchess.com"]
[Source "ChessBase"]
[SourceQuality "1"]

{[%evp 9,150,50,48,34,57,21,89,76,85,68,66,62,85,0,8,0,6,0,0,0,4,-46,-32,-33,-33,-33,-44,-57,-33,-39,-27,-43,-34,-32,-25,-29,-16,-33,-8,-20,-7,-10,-7,-42,-16,-8,-8,-8,0,0,0,0,0,0,0,0,0,-3,-8,-8,0,-11,45,-29,-8,-15,-21,-26,0,0,0,0,0,0,0,0,0,-7,0,0,0,0,0,0,0,0,0,0,0,0,0,0,0,-8,-8,-125,-123,-157,-149,-155,-114,-147,-131,-133,-146,-154,-137,-139,-67,-73,-62,-32,-28,-36,-15,-25,-8,-17,0,-6,0,0,0,0,0,0,0,0,0,0,0,0,440,26,26,26,26,26,26,-8,-8,-8,-8]} 1. e4 d6 2. d4 Nf6 3. Nc3 g6 4. f3 a6 5. Be3 b5 6. Qd2 {B07: Pirc Defence: Miscellaneous Systems.} Nbd7 7. a4 {[#]} bxa4 $146 (7... b4 $11 8. Na2 a5) ({Predecessor:} 7... b4 8. Nce2 Rb8 9. g4 Bb7 10. h4 e5 11. h5 exd4 12. Nxd4 Bg7 13. h6 Bf8 {0-1 (43) Ghosh,D (2485)-Jones,G (2650) Dubai 2014}) 8. Nxa4 $16 {White is better.} Bg7 9. Bh6 O-O 10. h4 e5 11. d5 (11. Bxg7 $16 Kxg7 12. Ne2) 11... Nh5 $1 $11 12. Ne2 f5 $1 {[%cal Rf5e4]} 13. exf5 gxf5 14. Bxg7 Kxg7 15. O-O-O f4 16. g4 fxg3 {[#]} 17. Nxg3 $1 {[%mdl 512]} Nxg3 18. Qg2 Kh8 19. Qxg3 Qf6 20. Be2 Qf4+ 21. Qxf4 Rxf4 22. Nc3 Nc5 23. b3 Bd7 24. Rdg1 a5 25. Kd2 Raf8 26. Rg3 a4 27. bxa4 Bxa4 28. Rg4 Bd7 29. Rxf4 Rxf4 30. Ke3 Kg7 31. Ne4 Na4 32. Bd3 Bf5 33. Ng3 Bg6 34. Be4 Nb6 35. h5 Bf7 (35... Bxe4 $11 36. fxe4 Kf6) 36. Rd1 ({White should try} 36. h6+ $14 Kg8 37. Nh5 Bxh5 38. Rxh5) 36... h6 37. Nf5+ Kf6 38. Nxh6 Bxh5 {[#] Strongly threatening ...Nc4+.} 39. Rg1 Nc4+ 40. Kd3 Nb6 41. Ng8+ Kf7 42. Nh6+ Ke7 43. Ke3 Kd7 44. Bf5+ Kd8 45. Rg8+ Ke7 46. Be4 Be8 47. Nf5+ Kf7 48. Nh6+ Ke7 49. Nf5+ Kd7 50. Rg7+ Kd8 51. Ne7 Bf7 52. Ng6 (52. Nc6+ $11 {was the only way to keep the balance.} Ke8 53. Nb4) 52... Rf6 $17 53. Nh8 Bxd5 54. Ng6 Bf7 55. Nh4 Nc4+ 56. Ke2 d5 57. Bd3 Nd6 58. Rg5 e4 (58... c5 $17 59. Kd2 c4) 59. fxe4 $15 dxe4 {Hoping for ...Rh6.} 60. Ba6 $1 Rh6 61. Ng2 Bh5+ 62. Ke3 Be8 63. Nf4 Nf7 64. Rd5+ Ke7 65. Be2 Nd6 66. Re5+ Kd8 67. c4 Bc6 68. c5 Nf7 69. Re6 Kd7 70. Bg4 {aiming for Rxh6+.} Rh4 $2 {[%mdl 8192]} (70... Rxe6 $11 {and Black is okay.} 71. Bxe6+ Ke7) 71. Rg6+ $2 (71. Bf5 $18 Kd8 72. Rxc6) 71... Ke7 $11 72. Rxc6 Rxg4 73. Rxc7+ Kf6 74. Kxe4 Ng5+ 75. Ke3 Rxf4 {[%mdl 64] Remove Defender. Accuracy: White = 79%, Black = 85%.} 1/2-1/2

[Event "CAT-chT 2020"]
[Site "Catalonia"]
[Date "2020.02.15"]
[Round "5.6"]
[White "Mellado Trivino, Juan"]
[Black "Garrido Fernandez, Daniel"]
[Result "1-0"]
[WhiteElo "2349"]
[BlackElo "2266"]
[Annotator "ChessBase"]
[PlyCount "51"]
[EventDate "2020.01.18"]
[EventType "team-tourn"]
[EventCountry "ESP"]
[SourceTitle "playchess.com"]
[Source "ChessBase"]
[SourceQuality "1"]
[TimeControl "5400+30"]

1. e4 {[%emt 0:00:00]} c5 {[%emt 0:00:00]} 2. Nf3 {[%emt 0:00:01]} Nc6 {[%emt 0:00:00]} 3. c3 {[%emt 0:00:42]} d5 {[%emt 0:00:38]} 4. exd5 {[%emt 0:00:51]} Qxd5 {[%emt 0:00:06]} 5. d4 {[%emt 0:00:19]} g6 {[%emt 0:00:15]} 6. Be2 {[%emt 0:14:12]} cxd4 {[%emt 0:01:53]} 7. cxd4 {[%emt 0:22:21]} Bg7 {[%emt 0:00:24]} 8. Nc3 {[%emt 0:00:10]} Qa5 {[%emt 0:00:17]} 9. d5 {[%emt 0:14:35]} Nb4 {[%emt 0:03:07]} 10. O-O {[%emt 0:00:54]} Nf6 {[%emt 0:03:16]} 11. a3 {[%emt 0:05:09]} O-O {[%emt 0:02:01]} 12. axb4 {[%emt 0:09:40]} Qxa1 {[%emt 0:00:08]} 13. Nd4 {[%emt 0:04:36]} Bd7 {[%emt 0:18:30]} 14. Nb3 {[%emt 0:01:19]} Ba4 {[%emt 0:00:05]} 15. Nxa1 {[%emt 0:02:06]} Bxd1 {[%emt 0:00:21]} 16. Rxd1 {[%emt 0:00:03]} Rfd8 {[%emt 0:01:50]} 17. Nb3 {[%emt 0:00:26]} Rac8 {[%emt 0:00:46]} 18. Be3 {[%emt 0:06:09]} Ne8 {[%emt 0:05:14]} 19. Na5 {[%emt 0:03:23]} Bxc3 {[%emt 0:05:39]} 20. bxc3 {[%emt 0:00:10]} Rxc3 {[%emt 0:00:10]} 21. Nxb7 {[%emt 0:01:21]} Rb8 {[%emt 0:00:37]} 22. Na5 {[%emt 0:00:13]} Nd6 {[%emt 0:03:37]} 23. Nc6 {[%emt 0:00:37]} Rb7 {[%emt 0:00:06]} 24. Bc5 {[%emt 0:02:05]} Kf8 {[%emt 0:01:43]} 25. Ba6 {[%emt 0:02:15]} Rc7 {[%emt 0:00:50]} 26. Re1 {[%emt 0:00:21]} 1-0

[Event "CAT-chT 2020"]
[Site "Catalonia"]
[Date "2020.02.15"]
[Round "5.6"]
[White "Bautista Sanchez, Joan"]
[Black "Alonso Moyano, Jonathan"]
[Result "0-1"]
[WhiteElo "2097"]
[BlackElo "2344"]
[Annotator "ChessBase"]
[PlyCount "90"]
[EventDate "2020.01.18"]
[EventType "team-tourn"]
[EventCountry "ESP"]
[SourceTitle "playchess.com"]
[Source "ChessBase"]
[SourceQuality "1"]
[TimeControl "5400+30"]

1. Nf3 f5 2. c4 Nf6 3. Nc3 d6 4. g3 e5 5. d3 Be7 6. Bg2 O-O 7. O-O Qe8 8. c5 Kh8 9. cxd6 Bxd6 10. Qb3 c6 11. Bg5 h6 12. Bxf6 Rxf6 13. Rad1 Nd7 14. Qc2 Nf8 15. Nd2 Be6 16. Nc4 Bc7 17. a4 a5 18. b3 Rd8 19. Na2 Bd5 20. e4 fxe4 21. dxe4 Bxc4 22. Rxd8 Qxd8 23. bxc4 Ne6 24. c5 Qf8 25. Rc1 Bb8 26. Bh3 Nd4 27. Qb2 Ba7 28. Rf1 Qe7 29. Nc1 Bxc5 30. Nd3 Ba7 31. Bg4 b5 32. axb5 cxb5 33. Qa2 Nc6 34. Kg2 Rd6 35. Rc1 Kh7 36. h4 Qf6 37. Qc2 Bb6 38. h5 Qg5 39. Bf5+ Kh8 40. Bg6 Ne7 41. f4 exf4 42. Nxf4 Be3 43. Rf1 Bxf4 44. Rxf4 Nxg6 45. hxg6 Qxg6 0-1

[Event "CAT-chT 2020"]
[Site "Catalonia"]
[Date "2020.02.15"]
[Round "5.7"]
[White "Obon Temprano, Sergi"]
[Black "Castellano Egea, Einar"]
[Result "1/2-1/2"]
[WhiteElo "2284"]
[BlackElo "2162"]
[Annotator "ChessBase"]
[PlyCount "44"]
[EventDate "2020.01.18"]
[EventType "team-tourn"]
[EventCountry "ESP"]
[SourceTitle "playchess.com"]
[Source "ChessBase"]
[SourceQuality "1"]
[TimeControl "5400+30"]

1. e4 e6 2. d4 d5 3. Nd2 c5 4. exd5 Qxd5 5. Ngf3 cxd4 6. Bc4 Qd6 7. O-O Nf6 8. Nb3 Nc6 9. Nbxd4 Nxd4 10. Qxd4 Qxd4 11. Nxd4 Be7 12. Rd1 O-O 13. Bf4 Bd7 14. c3 Rfc8 15. Bb3 Rc5 16. Be3 Rcc8 17. Bg5 Rc5 18. Nf5 Rxf5 19. Bxf6 Bc5 20. Bd4 Bc6 21. Bxc5 Rxc5 22. Rd2 Kf8 1/2-1/2

[Event "CAT-chT 2020"]
[Site "Catalonia"]
[Date "2020.02.15"]
[Round "5.7"]
[White "Almeida Toledano, Daniel"]
[Black "Morros Faura, Ricard"]
[Result "1/2-1/2"]
[WhiteElo "2257"]
[BlackElo "2242"]
[Annotator "ChessBase"]
[PlyCount "98"]
[EventDate "2020.01.18"]
[EventType "team-tourn"]
[EventCountry "ESP"]
[SourceTitle "playchess.com"]
[Source "ChessBase"]
[SourceQuality "1"]
[TimeControl "5400+30"]

1. e4 c5 2. Nf3 d6 3. Bb5+ Nd7 4. a4 Ngf6 5. d3 g6 6. a5 Bg7 7. a6 bxa6 8. Bxa6 Bxa6 9. Rxa6 c4 10. O-O O-O 11. Nc3 cxd3 12. cxd3 Nc5 13. Ra3 Qb6 14. Qe2 e6 15. d4 Nb3 16. e5 Nxc1 17. Rxc1 dxe5 18. dxe5 Nd7 19. Rd1 Qb7 20. Ne4 Nxe5 21. Nxe5 Bxe5 22. Qf3 Qxb2 23. Rad3 Rac8 24. Rb3 Qc2 25. g3 Rc7 26. h4 h5 27. Kg2 Bg7 28. Rd6 a5 29. Ra6 Rc4 30. Nd6 Rc3 31. Rxc3 Qxc3 32. Qb7 Qd2 33. Nc4 Qd5+ 34. Qxd5 exd5 35. Nxa5 Rd8 36. Nc6 Rd7 37. Ra8+ Kh7 38. Kf3 Bf6 39. Ke3 Rb7 40. Ra3 Kg7 41. Rd3 Rc7 42. Nb4 d4+ 43. Ke4 Re7+ 44. Kf3 Rd7 45. Ke4 Be7 46. Nc6 f5+ 47. Ke5 Bf6+ 48. Ke6 Rb7 49. Ra3 Rc7 1/2-1/2

[Event "CAT-chT 2020"]
[Site "Catalonia"]
[Date "2020.02.15"]
[Round "5.8"]
[White "Montilla Carrillo, Esteban"]
[Black "Arias Boo, Guillermo"]
[Result "1-0"]
[WhiteElo "2187"]
[BlackElo "2191"]
[Annotator "ChessBase"]
[PlyCount "73"]
[EventDate "2020.01.18"]
[EventType "team-tourn"]
[EventCountry "ESP"]
[SourceTitle "playchess.com"]
[Source "ChessBase"]
[SourceQuality "1"]
[TimeControl "5400+30"]

1. e4 {[%emt 0:00:00]} d6 {[%emt 0:00:00]} 2. d4 {[%emt 0:00:12]} Nf6 {[%emt 0:00:00]} 3. Nc3 {[%emt 0:00:18]} Nbd7 {[%emt 0:00:00]} 4. Nf3 {[%emt 0:00:57]} e5 {[%emt 0:00:01]} 5. Bc4 {[%emt 0:00:25]} Be7 {[%emt 0:00:09]} 6. O-O {[%emt 0:08:29]} c6 {[%emt 0:00:10]} 7. a4 {[%emt 0:00:33]} Qc7 {[%emt 0:00:07]} 8. Re1 {[%emt 0:06:45]} h6 {[%emt 0:00:24]} 9. a5 {[%emt 0:02:36]} Nf8 {[%emt 0:00:58]} 10. Nh4 {[%emt 0:07:00]} g6 {[%emt 0:11:04]} 11. d5 {[%emt 0:22:43]} Bd7 {[%emt 0:32:13]} 12. Bb3 Nxd5 {[%emt 0:08:47]} 13. exd5 {[%emt 0:11:38]} Bxh4 {[%emt 0:00:28]} 14. a6 {[%emt 0:01:13]} c5 {[%emt 0:01:35]} 15. axb7 {[%emt 0:00:38]} Qxb7 {[%emt 0:00:17]} 16. g3 {[%emt 0:01:34]} Be7 {[%emt 0:02:33]} 17. f4 {[%emt 0:00:18]} f6 {[%emt 0:01:42]} 18. fxe5 {[%emt 0:01:53]} fxe5 {[%emt 0:00:49]} 19. Rf1 {[%emt 0:02:04]} Rh7 {[%emt 0:16:49]} 20. Bc4 {[%emt 0:02:31]} Qb4 {[%emt 0:02:12]} 21. Qe2 {[%emt 0:01:00]} h5 {[%emt 0:00:49]} 22. Ne4 {[%emt 0:04:12]} Bg4 {[%emt 0:03:34]} 23. Qd3 {[%emt 0:00:09]} Bf5 {[%emt 0:01:12]} 24. Bd2 {[%emt 0:01:25]} Bxe4 {[%emt 0:01:48]} 25. Qe2 {[%emt 0:13:52]} Qxb2 {[%emt 0:02:48]} 26. Qxe4 {[%emt 0:01:31]} Qd4+ {[%emt 0:00:14]} 27. Qxd4 {[%emt 0:00:05]} cxd4 {[%emt 0:00:08]} 28. Bb5+ {[%emt 0:00:17]} Nd7 {[%emt 0:01:31]} 29. Bc6 {[%emt 0:00:05]} Rb8 {[%emt 0:01:14]} 30. Rxa7 {[%emt 0:00:14]} Bd8 {[%emt 0:00:19]} 31. Bh6 {[%emt 0:01:32]} Rf7 {[%emt 0:03:26]} 32. Rxf7 {[%emt 0:00:55]} Kxf7 {[%emt 0:00:05]} 33. Rxd7+ {[%emt 0:00:26]} Kf6 {[%emt 0:00:12]} 34. h4 {[%emt 0:00:51]} Kf5 {[%emt 0:00:14]} 35. Rxd6 {[%emt 0:00:40]} Be7 {[%emt 0:00:58]} 36. Rd7 {[%emt 0:01:03]} Bc5 {[%emt 0:00:13]} 37. Rf7+ {[%emt 0:00:14]} 1-0

[Event "CAT-chT 2020"]
[Site "Catalonia"]
[Date "2020.02.15"]
[Round "5.8"]
[White "Travesset Ribera, Daniel"]
[Black "Perez Manas, Benjamin"]
[Result "1-0"]
[WhiteElo "2097"]
[BlackElo "2280"]
[Annotator "ChessBase"]
[PlyCount "45"]
[EventDate "2020.01.18"]
[EventType "team-tourn"]
[EventCountry "ESP"]
[SourceTitle "playchess.com"]
[Source "ChessBase"]
[SourceQuality "1"]
[TimeControl "5400+30"]

1. c4 Nf6 2. Nf3 e6 3. g3 c5 4. Bg2 Be7 5. O-O Nc6 6. Nc3 d5 7. cxd5 exd5 8. d4 O-O 9. b3 Ne4 10. Bb2 Bf6 11. Na4 b5 12. Nxc5 Nxc5 13. Rc1 Nb4 14. Rxc5 Be7 15. a3 Bxc5 16. dxc5 Na6 17. Qd4 f6 18. Ng5 Nc7 19. Rd1 Re8 20. Ne4 Bg4 21. Nd6 Rxe2 22. Qxg4 Rxb2 23. Bxd5+ 1-0

[Event "CAT-chT 2020"]
[Site "Catalonia"]
[Date "2020.02.15"]
[Round "5.9"]
[White "Martinez Ramirez, Erik"]
[Black "Travesset Sagre, Jan"]
[Result "1-0"]
[WhiteElo "2229"]
[BlackElo "2022"]
[Annotator "ChessBase"]
[PlyCount "109"]
[EventDate "2020.01.18"]
[EventType "team-tourn"]
[EventCountry "ESP"]
[SourceTitle "playchess.com"]
[Source "ChessBase"]
[SourceQuality "1"]
[TimeControl "5400+30"]

1. e4 c6 2. Nf3 g6 3. d4 Bg7 4. Nbd2 d5 5. c3 dxe4 6. Nxe4 Nf6 7. Nxf6+ exf6 8. Be3 O-O 9. Qd2 Re8 10. O-O-O Qa5 11. b3 Na6 12. Kb2 Bf8 13. b4 Qa4 14. Qc2 Qxc2+ 15. Kxc2 Nc7 16. a4 Nd5 17. Bd2 a6 18. h3 Be6 19. a5 Bd6 20. g3 Bf5+ 21. Bd3 Bxd3+ 22. Kxd3 f5 23. Rhe1 Nf6 24. Bh6 Rxe1 25. Rxe1 Ne4 26. Re2 Nf6 27. Nd2 Re8 28. Rxe8+ Nxe8 29. Nc4 Bc7 30. Bf4 Bxf4 31. gxf4 Kf8 32. Ne5 f6 33. Nd7+ Ke7 34. Nc5 Nd6 35. c4 g5 36. d5 cxd5 37. cxd5 h5 38. Ke3 h4 39. f3 Kf7 40. Ne6 Kg6 41. Nd4 Kh5 42. Ne2 g4 43. Ng1 g3 44. Kd4 Kg6 45. Kc5 Nf7 46. Kb6 Nd6 47. Kc7 Ne8+ 48. Kxb7 Kf7 49. Kxa6 Ke7 50. Kb6 Kd6 51. a6 Nc7 52. a7 Nxd5+ 53. Kb7 Nc7 54. b5 Kd7 55. a8=Q 1-0

[Event "CAT-chT 2020"]
[Site "Catalonia"]
[Date "2020.02.15"]
[Round "5.9"]
[White "Chalmeta Ugas, Jordi"]
[Black "Lever, Erwan"]
[Result "1-0"]
[WhiteElo "2173"]
[BlackElo "2146"]
[Annotator "NA"]
[PlyCount "65"]
[EventDate "2020.01.18"]
[EventType "team-tourn"]
[EventCountry "ESP"]
[SourceTitle "playchess.com"]
[Source "ChessBase"]
[SourceQuality "1"]
[TimeControl "5400+30"]

1. d4 {[%emt 0:00:00]} Nf6 {[%emt 0:00:00]} 2. c4 {[%emt 0:00:00]} g6 {[%emt 0:00:00]} 3. Nc3 {[%emt 0:00:00]} d5 {[%emt 0:00:00]} 4. e3 {[%emt 0:00:00]} Bg7 {[%emt 0:00:00]} 5. cxd5 {[%emt 0:00:00]} Nxd5 {[%emt 0:00:04]} 6. Nxd5 {[%emt 0:00:00]} Qxd5 {[%emt 0:00:06]} 7. Ne2 {[%emt 0:00:02]} O-O $11 {[%emt 0:05:40]} 8. Nc3 {[%emt 0:00:28]} Qd6 {[%emt 0:06:26]} 9. Be2 {[%emt 0:03:20]} c5 {[%emt 0:06:58]} 10. d5 {[%emt 0:00:45]} e6 {[%emt 0:03:55]} 11. e4 {[%emt 0:01:00]} exd5 {[%emt 0:00:45]} 12. exd5 {[%emt 0:00:06]} Nd7 {[%emt 0:06:27]} 13. O-O {[%emt 0:01:07]} Nf6 {[%emt 0:02:37]} 14. Bf3 {[%emt 0:04:22]} Bf5 {[%emt 0:01:25]} 15. g3 {[%emt 0:02:39]} Rfe8 {[%emt 0:07:08]} 16. Bf4 {[%emt 0:02:39]} Qd7 {[%emt 0:08:46]} 17. Qb3 {[%emt 0:05:22]} Ne4 18. Rfe1 {[%emt 0:04:30]} Nxc3 {[%emt 0:17:32]} 19. bxc3 {[%emt 0:01:56]} c4 {[%emt 0:00:19]} 20. Rxe8+ {[%emt 0:03:14]} Rxe8 {[%emt 0:00:09]} 21. Qxc4 {[%emt 0:00:31]} Rc8 {[%emt 0:01:07]} 22. Qe2 {[%emt 0:01:29]} Bxc3 {[%emt 0:06:18]} 23. Rc1 {[%emt 0:04:00]} h5 {[%emt 0:00:32]} 24. h4 {[%emt 0:02:35]} b5 {[%emt 0:01:35]} 25. d6 {[%emt 0:12:39]} a5 {[%emt 0:01:43]} 26. Bd5 {[%emt 0:06:27]} Re8 {[%emt 0:04:16]} 27. Qf3 {[%emt 0:02:08]} Re1+ 28. Rxe1 {[%emt 0:00:54]} Bxe1 {[%emt 0:07:24]} 29. Bc6 {[%emt 0:00:32]} Qd8 {[%emt 0:01:20]} 30. Bxb5 {[%emt 0:00:49]} Bb4 {[%emt 0:01:02]} 31. Qc6 {[%emt 0:02:20]} Qf6 {[%emt 0:05:39]} 32. Qe8+ {[%emt 0:01:14]} Kh7 {[%emt 0:00:07]} 33. Be5 {[%emt 0:00:12]} 1-0

[Event "CAT-chT 2020"]
[Site "Catalonia"]
[Date "2020.02.15"]
[Round "5.10"]
[White "Garcia Marin, Guillem"]
[Black "Alvarez Albiol, Victor"]
[Result "0-1"]
[WhiteElo "2037"]
[BlackElo "2163"]
[Annotator "ChessBase"]
[PlyCount "76"]
[EventDate "2020.01.18"]
[EventType "team-tourn"]
[EventCountry "ESP"]
[SourceTitle "playchess.com"]
[Source "ChessBase"]
[SourceQuality "1"]
[TimeControl "5400+30"]

1. d4 {[%emt 0:00:00]} Nf6 {[%emt 0:00:00]} 2. Nf3 {[%emt 0:00:00]} c5 {[%emt 0:00:00]} 3. d5 {[%emt 0:00:09]} g6 {[%emt 0:00:03]} 4. Nc3 {[%emt 0:01:17]} Bg7 {[%emt 0:00:25]} 5. e4 {[%emt 0:00:40]} d6 {[%emt 0:00:11]} 6. Bc4 {[%emt 0:01:04]} O-O {[%emt 0:00:28]} 7. O-O {[%emt 0:00:10]} Nbd7 {[%emt 0:03:45]} 8. a4 {[%emt 0:04:35]} Nb6 {[%emt 0:03:20]} 9. Bb3 {[%emt 0:05:34]} Bg4 {[%emt 0:01:05]} 10. a5 {[%emt 0:05:22]} Nbd7 {[%emt 0:00:56]} 11. h3 {[%emt 0:02:08]} Bxf3 {[%emt 0:00:10]} 12. Qxf3 {[%emt 0:00:06]} b6 {[%emt 0:05:15]} 13. axb6 {[%emt 0:08:53]} axb6 {[%emt 0:03:29]} 14. Bg5 {[%emt 0:05:38]} h6 {[%emt 0:06:03]} 15. Bh4 {[%emt 0:04:53]} Ne5 {[%emt 0:06:09]} 16. Qe2 {[%emt 0:00:54]} g5 {[%emt 0:00:42]} 17. Bg3 {[%emt 0:01:08]} Ng6 {[%emt 0:00:18]} 18. Ba4 {[%emt 0:07:39]} b5 {[%emt 0:06:12]} 19. Nxb5 {[%emt 0:10:14]} Nd7 {[%emt 0:03:57]} 20. c4 {[%emt 0:01:45]} Nde5 {[%emt 0:11:32]} 21. Bb3 {[%emt 0:09:40]} Nf4 {[%emt 0:04:39]} 22. Bxf4 {[%emt 0:03:39]} gxf4 {[%emt 0:00:02]} 23. Ra3 {[%emt 0:00:34]} f3 {[%emt 0:01:30]} 24. gxf3 {[%emt 0:00:45]} Ng6 {[%emt 0:03:41]} 25. Rxa8 {[%emt 0:02:12]} Qxa8 {[%emt 0:00:08]} 26. Qd2 {[%emt 0:00:14]} Qc8 {[%emt 0:00:58]} 27. f4 {[%emt 0:01:39]} Qxh3 {[%emt 0:01:23]} 28. Qe3 {[%emt 0:00:18]} Nxf4 {[%emt 0:08:24]} 29. Qxh3 {[%emt 0:01:23]} Nxh3+ {[%emt 0:00:02]} 30. Kh2 {[%emt 0:00:09]} Nf4 {[%emt 0:00:31]} 31. Rg1 {[%emt 0:00:26]} Kh8 {[%emt 0:01:12]} 32. Rg4 {[%emt 0:01:16]} Be5 {[%emt 0:02:24]} 33. Kg1 {[%emt 0:01:40]} Ra8 {[%emt 0:01:26]} 34. Na3 {[%emt 0:04:07]} Ng6 {[%emt 0:06:35]} 35. Nb5 {[%emt 0:07:05]} Ra1+ {[%emt 0:00:27]} 36. Kg2 {[%emt 0:00:10]} h5 {[%emt 0:02:36]} 37. Rg5 {[%emt 0:00:46]} Nh4+ {[%emt 0:00:13]} 38. Kh3 {[%emt 0:00:52]} Rh1# 0-1